| 000 | 00389 a2200133 4500 | ||
|---|---|---|---|
| 003 | Nust | ||
| 005 | 20170207154354.0 | ||
| 040 | _cNust | ||
| 082 | _a799 | ||
| 245 |
_aOpening Address MS Courses (Photo Album Vol No.2, 2001) _cMCS |
||
| 260 |
_aRawalpindi _bMCS _c07-10-2001 |
||
| 650 | _aPictures of Opening Address MS Courses in MCS,(Photo Album Vol No.2, 2001,CD-No-7) | ||
| 651 | _asweet Memories-MCS | ||
| 942 | _cBK | ||
| 999 |
_c197141 _d197141 |
||